| 000 | 00806nac a22002291u 4500 | ||
|---|---|---|---|
| 010 | _a 93016958 | ||
| 020 | _a081038843X | ||
| 082 | 0 | 0 |
_a001.94 _bCLA |
| 090 |
_c9281 _d9281 |
||
| 100 | _aClark, Jerome. | ||
| 245 | 1 | 0 |
_aEncyclopedia of strange and unexplained physical phenomena / _cJerome Clark. |
| 260 |
_aDetroit : _bGale Research Inc.,c1993. _cc1993. |
||
| 300 |
_axxvi, 395 p. : _bill., map ; _c29 cm. |
||
| 500 | _aDistributer: Al-Ahram. | ||
| 504 | _aIncludes bibliographical references and index. | ||
| 511 | _aCatalogued By: Mahitab. | ||
| 650 | 0 |
_aScience _xMiscellanea. |
|
| 650 | 0 |
_aScience _vEncyclopedias. |
|
| 650 | 0 | _aCuriosities and wonders. | |
| 740 | 0 | _aStrange and unexplained physical phenomena. | |
| 942 |
_cBB _k001.94CLA |
||
| 999 |
_c9281 _d9281 |
||